header

Gender and utopia in the eighteenth century (Record no. 227452)

MARC details
000 -LEADER
fixed length control field 02817nam a2200445 a 4500
082 04 - DEWEY DECIMAL CLASSIFICATION NUMBER
Classification number 820.9/372
245 00 - TITLE STATEMENT
Title Gender and utopia in the eighteenth century
260 ## - PUBLICATION, DISTRIBUTION, ETC. (IMPRINT)
Place of publication Aldershot, England ;
-- Burlington, VT :
Name of publisher Ashgate,
Year of publication c2007.
300 ## - PHYSICAL DESCRIPTION
Number of Pages viii, 197 p.
505 0# - FORMATTED CONTENTS NOTE
Formatted contents note Utopian exchanges : negotiating difference in utopia / Lee Cullen Khanna -- A fragile utopia of sensibility : David Simple / Joseph F. Bartolomeo -- Gothic utopia : heretical sanctuary in Ann Radcliffe's The Italian / Brenda Tooley -- Rewriting Rousseau : Isabelle de Charri�ere's domestic dystopia / Caroline Weber -- Utopia in the seraglio : feminist hermeneutics and Montesquieu's Lettres persanes / Mary McAlpin -- Transparency and the enlightenment body : utopian space in Sarah Scott's Millenium hall and De Sade's The 120 days of Sodom / Ana M. Acosta -- The emperess of the world : gender and the voyage utopia / Nicole Pohl -- A man might find every thing in your country : improvement, patriarchy and gender in Robert Paltock's The life and adventures of Peter Wilkins / Elizabeth Hagglund and Jonathan Laidlow -- Generating regenerated generations : race, kinship and sexuality in Henry Neville's Isle of pines (1668) / Seth Denbo -- Thinking globally, acting locally : enlightenment utopianism for 21st-century feminists? / Alessa Johns.
650 #0 - SUBJECT ADDED ENTRY--TOPICAL TERM
Topical Term Utopias in literature.
Topical Term English fiction
Topical Term French literature
Topical Term Women in literature.
Topical Term Sex role in literature.
Topical Term Feminism in literature.
Topical Term Femininity in literature.
Topical Term Dystopias in literature.
700 1# - ADDED ENTRY--PERSONAL NAME
Personal name Pohl, Nicole,
Personal name Tooley, Brenda.
856 40 - ELECTRONIC LOCATION AND ACCESS
Uniform Resource Identifier http://site.ebrary.com/lib/rucke/Doc?id=10211064

No items available.

© 2026 Rongo University
Contact us: librarian | system librarian | Rongo university